| 000 | 00787nam0a22002651 4500 | ||
|---|---|---|---|
| 001 | v19\rc\1906984 | ||
| 005 | 20251118180540.0 | ||
| 035 | _a(NLR Aleph) 004996127 | ||
| 090 |
_a6337455 _c6337455 |
||
| 100 | _a20080404d1911 u y0rusy50 ca | ||
| 101 | 0 | _arus | |
| 102 | _aRU | ||
| 105 | _ay z ||||| | ||
| 200 | 1 |
_aХронология полицейского права _eСправ. пособие при изуч. полиц. права _fК. План |
|
| 210 |
_aСанкт-Петербург _cДело _d1911 |
||
| 215 |
_a32 с. _d22 |
||
| 700 | 1 |
_aПлан _bК. |
|
| 801 | 0 |
_aRU _bNLR _gpsbo |
|
| 801 | 0 |
_aRU _bRuMoRGB _2psbo |
|
| 801 | 1 |
_aRU _bProSoft-M _2rusmarc |
|
| 852 |
_aNLR _j18.329.2.320 |
||
| 899 |
_aRuMoRGB _jV 120/789 |
||
| 899 | _aБАН | ||
| 942 | _cBOOK | ||
| 980 | _aNB | ||